000 00326 a2200157 4500
001 161316
020 _a
040 _cMagnum
100 _a-
240 1 0 _aChapeuzinho vermelho/globo
_lpor
245 1 0 _aChapeuzinho vermelho/globo
362 0 _a1899
440 1 _aGlobo
697 _aIJ/AVENTURA, CRIANCAS
942 _cBK
999 _c161316
_d161316